Antidiskriminačné a individuálne pracovnoprávne spory podľa nového CSP
Od 1. 7. 2016 je účinný zákon č. 160/2015 Z. z. Civilný sporový poriadok , ktorý schválila Národná rada SR dňa 21. 5. 2015. Právna úprava civilného sporového procesu obsiahnutá v CSP nahradila dovtedajšiu právnu úpravu podľa zákona č. 99/1963 Zb. Občianskeho súdneho poriadku v z. n. p.
Salvato in:
| Autore principale: | |
|---|---|
| Natura: | Capitolo di libro |
| Lingua: | slovacco |
| Soggetti: | |
| Tags: |
Nessun Tag, puoi essere il primo ad aggiungerne!!
|
MARC
| LEADER | 00000naa a2200000 4500 | ||
|---|---|---|---|
| 001 | 0223488 | ||
| 005 | 20231208091618.0 | ||
| 041 | 0 | |a slo | |
| 044 | |a SK | ||
| 245 | 1 | 0 | |a Antidiskriminačné a individuálne pracovnoprávne spory podľa nového CSP |c Tatiana Mičudová |
| 520 | |a Od 1. 7. 2016 je účinný zákon č. 160/2015 Z. z. Civilný sporový poriadok , ktorý schválila Národná rada SR dňa 21. 5. 2015. Právna úprava civilného sporového procesu obsiahnutá v CSP nahradila dovtedajšiu právnu úpravu podľa zákona č. 99/1963 Zb. Občianskeho súdneho poriadku v z. n. p. | ||
| 610 | 2 | 0 | |a spory pracovné |
| 610 | 2 | 0 | |a spory súdne |
| 610 | 2 | 0 | |a poriadok pracovný |
| 610 | 2 | 0 | |a diskriminácia pracovná |
| 610 | 2 | 0 | |a Slovensko |
| 610 | 2 | 0 | |a zákony |
| 610 | 2 | 0 | |a vzťahy pracovnoprávne |
| 100 | 1 | |a Mičudová, Tatiana | |